Flüsse in Deutschland - Statistiken

Allgemein
  • Dieses Quiz wurde 287 mal gespielt
  • Das Durchschnittsergebnis liegt bei 11 aus 14
Antwortstatistiken
Bildquiz Antwort % Korrekt
Elbe
97%
Rhein
96%
Oder
94%
Donau
90%
Main
87%
Inn
84%
Spree
84%
Weser
81%
Isar
80%
Havel
75%
Neckar
75%
Saale
65%
Fulda
58%
Werra
55%
Keine übereinstimmenden Quizze gefunden
Verteilung der Resultate
Anzahl Personen mit jedem Resultat
Perzentil nach korrekt beantworteten Fragen
Ihre Resultats-Entwicklung
Sie haben dieses Quiz noch nicht gespielt